000 00478nam a22001817a 4500
005 20251108171819.0
008 250721s2003 xx 000 0 ara d
082 1 4 _a641.5951/عمر
100 1 _aعمرو، سحر
245 1 0 _aالطبخ الصيني /
264 1 _aعمان :
_bدار عالم الثقافة،
_c2003.
300 _a96ص
650 1 7 _aالطبخ
650 1 7 _aإعداد الوجبات
650 1 7 _aالصين
942 _2ddc
_cBK
999 _c63228
_d63228